[Event "Olympiad Women 2024"]
[Site "Budapest HUN"]
[Date "2024.09.21"]
[Round "10.21"]
[Board "1"]
[White "Theissl Pokorna, Regina"]
[Black "Stojkovska, Monika"]
[Result "1/2-1/2"]
[WhiteElo "2302"]
[BlackElo "2043"]
[PlyCount "93"]
[EventDate "2024.09.11"]
[WhiteTeam "Austria"]
[BlackTeam "North Macedonia"]
[WhiteTeamCountry "AUT"]

1. Nf3 Nf6 2. g3 b6 3. Bg2 Bb7 4. O-O e6 5. c4 Be7 6. Nc3 O-O 7. Re1 d5 8. cxd5 exd5 9. d4 Nbd7 10. Bf4 c5 11. Rc1 a6 12. dxc5 Nxc5 13. Nd4 Qd7 14. b4 Ne6 15. Nxe6 Qxe6 16. a3 $146 ({RR} 16. Qb3 Rac8 17. Rcd1 Rfd8 18. Rd4 Ne4 19. Nxe4 dxe4 20. Qxe6 fxe6 21. Red1 Bd5 22. a3 Bf6 23. R4d2 Re8 24. f3 Bc3 25. fxe4 Bb3 26. Be3 b5 27. Bh3 Bxd2 28. Rxd2 Rc2 29. Rxc2 Bxc2 30. e5 Be4 {0-1 Rees,I (2230)-Wiedenkeller,M (2454) EU-Cup 21st Saint Vincent 2005 (4.1)}) 16... Rac8 17. Na4 Ne4 18. Qd4 b5 19. Qb6 Qd7 20. Bxe4 dxe4 21. Rcd1 Qc6 22. Rc1 Qd7 23. Rcd1 Qc6 24. Qxc6 Rxc6 25. Nc5 Bxc5 26. bxc5 Re8 27. Rc1 Rcc8 28. Red1 Bc6 29. Rd6 Red8 30. Rcd1 Rxd6 31. Rxd6 f6 32. Bd2 Kf7 33. Kf1 Ke8 34. Ba5 Bd7 35. Bb6 Rc6 36. Rd4 Re6 37. e3 f5 38. h4 Rc6 39. Ke1 a5 40. Kd2 Rc8 41. Kc3 a4 42. h5 Ke7 43. Rd5 Rc6 44. Rd1 Rh6 45. Rh1 g6 46. Kd4 Ke6 47. Bc7 1/2-1/2

[Event "Olympiad Women 2024"]
[Site "Budapest HUN"]
[Date "2024.09.21"]
[Round "10.21"]
[Board "2"]
[White "Manova, Ivana"]
[Black "Exler, Veronika"]
[Result "1/2-1/2"]
[WhiteElo "2031"]
[BlackElo "2176"]
[PlyCount "95"]
[EventDate "2024.09.11"]
[WhiteTeam "North Macedonia"]
[BlackTeam "Austria"]
[BlackTeamCountry "AUT"]

1. e4 {Metz Alekhine/Primel,D} c6 2. d4 d5 3. e5 Bf5 4. h4 ({RR} 4. Nc3 e6 5. g4 Bg6 6. Nge2 c5 7. h4 h5 ({RR} 7... h6) 8. Nf4 Bh7 9. Nxh5 cxd4 10. Nb5 Nc6 11. Nxd4 Nge7 12. Bg5 Nxd4 13. Qxd4 Nc6 14. Qa4 Qb6) 4... a6 ({RR} 4... h5) ({RR} 4... h6) ({RR} 4... Qb6) 5. g4 Bd7 6. Bh3 $146 ({RR} 6. h5 c5 7. c3 Nc6 8. Bh3 Qa5 9. Kf1 e6 10. f4 ({RR} 10. Ne2 Nh6 ({RR} 10... f6 11. f4) 11. Kg2) 10... Qb6 ({RR} 10... f6) 11. Nf3 Nh6 12. g5 ({RR} 12. Kg2 O-O-O 13. Qb3) 12... Nf5 13. Bxf5 exf5 14. Rh2 h6 15. Be3 hxg5 16. Nxg5 f6 17. Nf3 ({RR} 17. e6 Bc8 18. Nf7) 17... O-O-O 18. Kg1 Be8 19. h6 Rxh6 20. Rxh6 gxh6 {0-1 Bedouin,X (2387)-Bauer,C (2637) Metz op 31th 2013 (5)}) ({RR} 6. Be3 e6 7. c3 c5 8. Nf3 Qb6 9. Qb3 Qxb3 10. axb3) ({RR} 6. c3 e6 7. h5) ({RR} 6. Nc3 e6 7. Be3 c5 8. dxc5 Qc7 9. Nf3 Bxc5 10. Bxc5 Qxc5 11. Qd2 b5 12. Bd3 Ne7 13. O-O-O b4 14. Ne2 Bb5 15. Kb1 Nbc6 16. Nf4 h6 17. Rc1 Qb6 18. c4 dxc4 19. Bxc4 Rd8 20. Qe2 O-O {0-1 Vidit,S (2723)-Tari,A (2654) Chessable Masters Prelim rapid 2022 (13)}) ({RR} 6. f4 e6 7. c3 c5 8. Be3 Qb6 9. Qd2 Nc6 10. h5 cxd4 11. cxd4 Nh6 12. Be2 Bb4 13. Nc3 Na5 14. Nh3 Bb5 15. O-O Nc4 16. Qc1 Nxe3 17. Qxe3 Bxe2 18. Nxe2 Nxg4 19. Qf3 Nh6 20. Rac1 Nf5 {0-1 Ho,C (2099)-Mou,I (2201) Marshall CC Labor Day IMB 2024 (2.5)}) ({RR} 6. Be3 e6 7. c3 Qb6 8. Qb3 Qc7 9. h5 c5 10. dxc5 Bc6 11. Bd4 Nd7 12. Nf3 Nxc5 13. Qd1 f6 14. Nbd2 Nd7 15. Qe2 Bb5 16. c4 Bxc4 17. Nxc4 Qxc4 18. Qxc4 dxc4 19. Bxc4 Bb4+ 20. Ke2 Ke7 {1-0 Alonso Garcia,A (2446)-Torres Rebolledo,V (2014) ch-ESP Rapid 2023 (6.29)}) ({RR} 6. h5 c5 7. c3 Nc6 8. Be3 Qb6 9. b3 cxd4 10. cxd4 Rc8 11. a3 f6 12. exf6 Nxf6 13. Bh3 Ne4 14. Nf3 e6 15. g5 Bd6 16. Kf1 O-O 17. Kg2 Bf4 18. Nbd2 Bxe3 19. fxe3 Qd8 20. g6 hxg6 {1-0 Milosevic,M (2417)-Tymrakiewicz,R (2150) Ustron Open Masters 2023 (7.21)}) 6... e6 7. g5 c5 8. c3 Nc6 9. Ne2 Qb6 10. O-O cxd4 11. cxd4 h6 12. g6 fxg6 13. Be3 Nce7 14. Nbc3 Nf5 15. h5 Bb4 16. hxg6 Bxc3 17. bxc3 Bb5 18. Re1 Bxe2 19. Rxe2 Nge7 20. Rb1 Qc6 21. Reb2 b5 22. a4 Rb8 23. Bd2 O-O 24. Qg4 Rb7 25. Bf1 Rfb8 26. axb5 axb5 27. Rb3 Qd7 28. Bc1 Qe8 29. Bd3 Qxg6 30. Qxg6 Nxg6 31. Rxb5 Rxb5 32. Rxb5 Rxb5 33. Bxb5 Kf7 34. Kh2 Nge7 35. Kh3 Nc8 36. Ba3 Nce7 37. Bd7 Ng6 38. Kg4 Ngh4 39. Bb5 Ng6 40. Bd3 Nge7 41. Bxe7 Nxe7 42. Kh5 Nf5 43. Kg4 Ne7 44. f4 g6 45. Bc2 Nc8 46. Bd3 Nb6 47. Be2 Kg7 48. Kh4 1/2-1/2

[Event "Olympiad Women 2024"]
[Site "Budapest HUN"]
[Date "2024.09.21"]
[Round "10.21"]
[Board "3"]
[White "Schloffer, Jasmin-Denise"]
[Black "Zhezhovska, Monika"]
[Result "1-0"]
[WhiteElo "2168"]
[BlackElo "2106"]
[PlyCount "49"]
[EventDate "2024.09.11"]
[WhiteTeam "Austria"]
[BlackTeam "North Macedonia"]
[WhiteTeamCountry "AUT"]

1. d4 d5 2. c4 e6 3. Nc3 a6 4. cxd5 exd5 5. Bf4 Nf6 6. e3 Bd6 7. Bg5 Be6 8. Bd3 Nbd7 9. Qc2 h6 10. Bh4 c6 11. Nge2 O-O ({RR} 11... Qc7 12. Bg3 O-O 13. O-O Rfe8 14. Rae1 Rac8 15. f3 c5 16. dxc5 Nxc5 17. Bxd6 Qxd6 18. Nd4 Nxd3 19. Qxd3 Rc7 20. Rd1 Rce7 21. Rfe1 Bd7 22. Nc2 Bc6 23. Qd4 Qe5 24. Qxe5 Rxe5 25. Rd4 a5 26. Kf2 {1-0 Popov,R (1962)-Perea Fruet,F (2094) 32nd EY Open U14 2024 (7.25)}) 12. h3 b5 13. O-O c5 $146 ({RR} 13... Rc8 14. Rad1 c5 15. dxc5 Rxc5 16. Qd2 Ne5 17. Nd4 Nc4 18. Bxc4 Rxc4 19. Bxf6 Qxf6 20. Nxe6 Qxe6 21. Nxd5 Rfc8 22. Qd3 R8c6 23. b3 Rc2 24. Rd2 Qe5 25. g3 Rxd2 26. Qxd2 Qf5 27. Qd4 Rc2 28. a4 {½-½ Dimitrov,R (2519)-Enchev,I (2496) Noisiel op 5th 2020 (7)}) 14. a3 Rc8 15. Qd1 c4 16. Bc2 Qb6 17. f4 g6 18. g4 g5 19. fxg5 hxg5 20. Bxg5 Kg7 21. Nf4 Qb7 22. Qf3 Rce8 23. Bxf6+ Nxf6 24. g5 Nh7 25. Nh5+ 1-0

[Event "Olympiad Women 2024"]
[Site "Budapest HUN"]
[Date "2024.09.21"]
[Round "10.21"]
[Board "4"]
[White "Trajkovska, Sanja"]
[Black "Hapala, Elisabeth"]
[Result "0-1"]
[WhiteElo "1921"]
[BlackElo "2113"]
[PlyCount "66"]
[EventDate "2024.09.11"]
[WhiteTeam "North Macedonia"]
[BlackTeam "Austria"]
[BlackTeamCountry "AUT"]

1. e4 c5 2. Nf3 e6 3. d4 cxd4 4. Nxd4 Nc6 5. Nc3 Qc7 6. Nxc6 bxc6 7. Bd3 Nf6 8. O-O d5 9. exd5 exd5 10. Re1+ Be7 11. Ne2 O-O 12. Bf4 Qb6 $146 ({RR} 12... Bd6 13. Bxd6 Qxd6 14. Ng3 g6 15. c4 h5 16. Qc1 Ng4 17. h3 Ne5 18. Qh6 Rd8 19. Nxh5 gxh5 20. Bh7+ Kh8 21. Bg6+ Kg8 22. Qh7+ Kf8 23. Rxe5 Qxg6 24. Qh8+ Qg8 25. Qf6 Be6 26. Rxe6 Qg7 27. Qf4 {1-0 Vazquez Torres,A (2148)-Morona Minguez,I (1894) Madrid Oliver Gonzalez Memorial 2nd 2011 (6)}) 13. Be3 Qxb2 14. Bd4 Qb7 15. Rb1 Qc7 16. Ng3 Bg4 17. Qd2 Rfe8 18. Qg5 h6 19. Qh4 Be6 20. Nf5 Bxf5 21. Bxf5 Ne4 22. Qg4 Bf6 23. Rxe4 Rxe4 24. Bxe4 Bxd4 25. Bxd5 Bxf2+ 26. Kxf2 cxd5 27. Qf5 Qxh2 28. Qxd5 Qh4+ 29. Kg1 Rd8 30. Qa5 Qd4+ 31. Kf1 Rd5 32. Qb4 Rf5+ 33. Ke1 Qe3+ 0-1

[Event "Olympiad Women 2024"]
[Site "Budapest HUN"]
[Date "2024.09.21"]
[Round "10.22"]
[Board "1"]
[White "Cramling, Pia"]
[Black "Goossens, Hanne"]
[Result "1-0"]
[WhiteElo "2425"]
[BlackElo "2189"]
[PlyCount "45"]
[EventDate "2024.09.11"]
[WhiteTeam "Sweden"]
[BlackTeam "Belgium"]
[WhiteTeamCountry "SWE"]
[BlackTeamCountry "BEL"]

1. Nf3 d5 2. g3 g6 3. Bg2 Bg7 4. d4 c6 5. O-O Nf6 6. b3 O-O 7. Bb2 Ne4 8. Nbd2 Nxd2 9. Qxd2 Nd7 10. c4 ({RR} 10. Ne5 Nxe5 11. dxe5 Bf5 12. Rfe1 Qd7 13. e4 dxe4 14. Qxd7 Bxd7 15. Bxe4 Be6 16. Rad1 Rfd8 17. Kg2 Kf8 18. Bf3 Ke8 19. Rxd8+ Rxd8 20. Rd1 Rxd1 21. Bxd1 f6 22. exf6 Bxf6 23. Bxf6 exf6 24. f4 Ke7 {½-½ Kaygisiz,I (1818)-Yorgun,Y (1848) TCh-TUR 2nd League 2024 (5.12)}) 10... dxc4 $146 ({RR} 10... e6 11. Rfe1 b6 12. e4 dxe4 13. Rxe4 Bb7 14. Rd1 Qc7 15. Rh4 f6 16. Re4 Rfe8 17. Qe2 Nf8 18. Bh3 f5 19. Re3 h6 20. Bg2 Rad8 21. Ne5 c5 22. d5 exd5 23. cxd5 Bxe5 24. Bxe5 Qf7 25. Qd2 {1-0 Lieb,H (2235)-Hein,M (2147) GER-ch Seniors-A 17th 2005 (5)}) ({RR} 10... Nf6 11. e3 Qb6 12. Rfc1 Bf5 13. Ba3 Ne4 14. Qe2 Qa5 15. Bxe7 Rfe8 16. Bh4 h6 17. h3 g5 18. g4 Bg6 19. Bg3 Nxg3 20. fxg3 Rad8 21. cxd5 Rxd5 22. Qf2 Rd6 23. Rc5 Qa3 24. Ne5 Bxe5 25. Rxe5 {0-1 Stribuk,A (2312)-Sarana,A (2668) Titled Tue 22nd Nov Early 2022 (6)}) 11. bxc4 e5 12. Rfd1 exd4 13. Nxd4 Ne5 14. Qc2 Qb6 15. Rab1 Qa6 16. Rdc1 Rd8 17. Qb3 Rb8 18. h3 Nd7 19. Rd1 Nb6 20. Nxc6 Rxd1+ 21. Rxd1 bxc6 22. Rd8+ Bf8 23. Qc3 1-0

[Event "Olympiad Women 2024"]
[Site "Budapest HUN"]
[Date "2024.09.21"]
[Round "10.22"]
[Board "2"]
[White "Vanduyfhuys, Daria"]
[Black "Agrest, Inna"]
[Result "1-0"]
[WhiteElo "2112"]
[BlackElo "2197"]
[PlyCount "83"]
[EventDate "2024.09.11"]
[WhiteTeam "Belgium"]
[BlackTeam "Sweden"]
[WhiteTeamCountry "BEL"]
[BlackTeamCountry "SWE"]

1. d4 d5 2. c4 e6 3. Nf3 c5 4. cxd5 exd5 5. g3 Nc6 6. Bg2 Nf6 7. O-O Ne4 8. Nc3 ({RR} 8. Be3 Bf5 9. dxc5 Bxc5 10. Bxc5 Nxc5 11. Nd4 Be4 12. Nxc6 bxc6 13. Qd4 Ne6 14. Qa4 O-O 15. Bxe4 dxe4 16. Qxe4 Qb6 17. b3 Nd4 18. e3 Ne2+ 19. Kg2 Qc5 20. Qc4 Qe5 21. Nd2 Qb2 22. Qxe2 Rad8 {1-0 Ikonnikov,V (2560)-Becic,S (2150) Leiden Noteboom Memorial 70th 2010 (5)}) ({RR} 8. a3 a5 9. Be3 c4 10. b3 cxb3 11. Qxb3 Be7 12. Nc3 Nxc3 13. Qxc3 Be6 14. Rab1 Rb8 15. Bf4 Rc8 16. Rxb7 O-O 17. Qd3 h6 18. Ne5 Nxe5 19. Bxe5 Rc4 20. Rd1 Ra4 21. Qa6 Bc8 22. Qb5 Bxb7 {1-0 Gourlay,I (2301)-Mocic,I (2008) 2nd Cambridge Int Open 2024 (5.24)}) 8... f5 9. dxc5 Be6 10. Bf4 $146 ({RR} 10. Nd4 Nxd4 11. Qxd4 Qd7 12. Nxe4 dxe4 13. Qxd7+ Kxd7 14. Be3 Kc6 15. f3 Bd5 16. fxe4 fxe4 17. Rf5 Re8 18. b3 g6 19. Rf6+ Kb5 20. Rc1 Be7 21. Rff1 Rc8 22. Rfd1 Rhd8 23. Rc2 Bc6 24. Rxd8 Rxd8 {0-1 Bruce,R-Riley,D British CF-36 Championship 1949 (5.13)}) 10... Bxc5 11. Nb5 Bb6 12. Nfd4 Nxd4 13. Nxd4 Qf6 14. Be3 O-O 15. a4 Bf7 16. a5 Bc7 17. Nb5 Be5 18. Bd4 a6 19. Bxe5 Qxe5 20. Nd4 Rac8 21. e3 Rc4 22. Qd3 Rfc8 23. Bh3 g6 24. Rfd1 R8c7 25. Bf1 Kg7 26. Qe2 Qf6 27. Qe1 R4c5 28. Rdc1 g5 29. b4 Rxc1 30. Rxc1 Rxc1 31. Qxc1 f4 32. Qb2 Kg8 33. Qc2 Kg7 34. Bh3 Bg6 35. Qc7+ Kh6 36. gxf4 g4 37. Bg2 Nd6 38. Bxd5 g3 39. hxg3 Bd3 40. Qd7 Nf5 41. Qe6 Qxe6 42. Nxe6 1-0

[Event "Olympiad Women 2024"]
[Site "Budapest HUN"]
[Date "2024.09.21"]
[Round "10.22"]
[Board "3"]
[White "Cramling Bellon, Anna"]
[Black "De Rycke, Tyani"]
[Result "1/2-1/2"]
[WhiteElo "2066"]
[BlackElo "2110"]
[PlyCount "81"]
[EventDate "2024.09.11"]
[WhiteTeam "Sweden"]
[BlackTeam "Belgium"]
[WhiteTeamCountry "SWE"]
[BlackTeamCountry "BEL"]

1. d4 Nf6 2. c4 g6 3. Nc3 Bg7 4. e4 d6 5. Be2 Nbd7 6. Be3 e5 7. d5 Nc5 8. Qc2 a5 9. h4 h5 ({RR} 9... Ng4 10. Bd2 f5 11. Bxg4 fxg4 12. h5 Bd7 13. Nge2 Qf6 14. Be3 b6 15. O-O-O h6 16. Ng3 g5 17. Rdf1 O-O 18. f3 Qe7 19. Nf5 Bxf5 20. exf5 gxf3 21. Bxc5 fxg2 22. Qxg2 bxc5 23. Ne4 Rab8 24. Qc2 {0-1 Ivic,V (2560)-Caruana,F (2766) Titled Tue 22nd Nov Late 2022 (7)}) ({RR} 9... h6 10. h5 Nxh5 11. Bxh5 gxh5 12. Nge2 h4 13. O-O-O b6 14. Rh2 Bd7 15. Rdh1 Bf6 16. Ng1 Bg5 17. Nf3 h3 18. Nxg5 hxg5 19. gxh3 Rh4 20. f3 Qe7 21. Rg1 f6 22. Bf2 Rh7 23. h4 O-O-O 24. b3 {½-½ Povshednyi,I (2242)-Sroczynski,M (2255) Titled Tue 16th Jul Late 2024 (3)}) 10. f3 Nfd7 $146 ({RR} 10... Bd7 11. Nh3 c6 12. Ng5 cxd5 13. cxd5 b6 14. Nb5 Qb8 15. O-O O-O 16. a3 Rc8 17. Qd1 a4 18. Rc1 Ne8 19. Bc4 Bf8 20. Qe2 Nc7 21. Nxc7 Rxc7 22. f4 Bg4 23. Qf2 Bg7 24. f5 f6 25. Ne6 {½-½ Akeya Price,R (1960)-Vanjare,A (1705) BCF-chT1 U18 1920 (4NCL) online 2020 (6.84)}) ({RR} 10... Bd7 11. Nh3 O-O 12. Nf2 Qe7 13. Bg5 Qe8 14. g4 Nh7 15. Be3 Nf6 16. O-O-O a4 17. Rdg1 Kh8 18. Bg5 Rg8 19. Qd2 Kh7 20. Rg2 Qb8 21. Rhg1 Qa7 22. f4 exf4 23. gxh5 Nxh5 24. Bxh5 gxh5 25. Qe2 {1-0 Grob,H-Zimmermann,O Zuerich 1954 (4)}) ({RR} 10... Bh6 11. Bxh6 Rxh6 12. Qd2 Rh8 13. O-O-O a4 14. Nh3 Kf8 15. Nf2 Kg7 16. g4 Bd7 17. g5 Nh7 18. Rdg1 f6 19. gxf6+ Qxf6 20. f4 Rhg8 21. Bxh5 Kh8 22. Bg4 exf4 23. e5 Qxe5 24. Bxd7 Nxd7 25. Nd3 {1-0 Tanmay,C (2351)-Sammed Jaykumar,S (2454) Fagernes GM Open 2023 (2.14)}) 11. O-O-O Bh6 12. Bxh6 Rxh6 13. Qd2 Rh8 14. g3 Qe7 15. Nh3 Nb6 16. Nf2 a4 17. Qg5 Bd7 18. g4 Qxg5+ 19. hxg5 Ke7 20. gxh5 Rxh5 21. Rxh5 gxh5 22. Rh1 Rh8 23. f4 exf4 24. Rxh5 Rxh5 25. Bxh5 Nxc4 26. Ne2 Ne5 27. Nxf4 Bb5 28. Kc2 Bc4 29. a3 Bb3+ 30. Kc3 Ba2 31. Ne2 Bb1 32. Ng3 Kf8 33. Bd1 Kg7 34. Bh5 Ng6 35. Nf5+ Kh7 36. Kd4 Ne5 37. Ne3 Nb3+ 38. Kc3 Nc5 39. Kd4 Nb3+ 40. Kc3 Nc5 41. Kd4 1/2-1/2

[Event "Olympiad Women 2024"]
[Site "Budapest HUN"]
[Date "2024.09.21"]
[Round "10.22"]
[Board "4"]
[White "Dierckens, Sarah"]
[Black "Valcu, Lavinia"]
[Result "0-1"]
[WhiteElo "1943"]
[BlackElo "2076"]
[PlyCount "60"]
[EventDate "2024.09.11"]
[WhiteTeam "Belgium"]
[BlackTeam "Sweden"]
[WhiteTeamCountry "BEL"]
[BlackTeamCountry "SWE"]

1. e4 e5 2. Nf3 Nc6 3. Bc4 Nf6 4. d3 Be7 5. O-O O-O 6. Nc3 d6 7. h3 Na5 8. Bb3 Nxb3 9. axb3 Re8 10. Be3 ({RR} 10. Re1 Bf8 11. d4 exd4 12. Qxd4 a6 13. Bg5 {½-½ Kestler,H (2345)-Goldberg,A (2405) Bundesliga 9596 1995 [6]}) ({RR} 10. Re1 c5 11. Bd2 h6 12. Ne2 Bf8 13. Ng3 g6 14. c4 b5 15. Be3 Be6 16. Qd2 Kh7 17. Ra2 Re7 18. Nh2 Rb7 19. f4 Bd7 20. Rf1 Be8 21. Nf3 exf4 22. Bxf4 Bg7 23. Raa1 Ng8 24. Rab1 Ne7 {0-1 Ferreira,C (1568)-Santos,A (1854) 10th Floripa Open 2024 (5.109)}) 10... Bf8 11. Nd2 $146 ({RR} 11. Qd2 d5 12. exd5 Nxd5 13. Nxd5 Qxd5 14. Ra5 c5 15. Rfa1 a6 16. Qc3 b6 17. R5a4 Bb7 18. Rg4 f5 19. Rga4 b5 20. Ra5 f4 21. Bc1 Re6 22. Qe1 Rg6 23. Qe4 Qxe4 24. dxe4 Bd6 25. Nh4 Rf6 {0-1 Deutsch,F-Bouillot,S Paris op 1993 (1)}) ({RR} 11. Bg5 h6 12. Bh4 Be7 13. Re1 c5 14. Qd2 a6 15. Bg3 Be6 16. Ne2 Nh5 17. Qa5 Nxg3 18. Nxg3 Qxa5 19. Rxa5 g6 20. Raa1 f5 21. exf5 gxf5 22. Re2 Bg5 23. Rae1 Bd7 24. Nh5 Bc6 25. Nxg5 hxg5 {1-0 Predeftakis,G (1315)-Bizopoulos,A (1565) GRE-ch U14 Chania 2003 (5)}) ({RR} 11. Bg5 Be7 12. Qd2 c6 13. Ra2 Nh5 14. Ne2 f5 15. Ng3 Nxg3 16. fxg3 fxe4 17. dxe4 Rf8 18. Bxe7 Qxe7 19. Raa1 b6 20. Qg5 Qxg5 21. Nxg5 Rxf1+ 22. Rxf1 h6 23. Nf7 Ba6 24. Rf2 Rf8 25. Nxd6 Rxf2 {1-0 Dopychai,R (1489)-Burghardt,B (1591) Bad Zwischenahn op 1st 2004 (2)}) 11... d5 12. exd5 Nxd5 13. Nxd5 Qxd5 14. Ne4 b6 15. Qh5 Bb7 16. f3 Re6 17. Ng5 Rh6 18. Qxf7+ Qxf7 19. Nxf7 Kxf7 20. Bxh6 Bc5+ 21. Kh1 gxh6 22. Rae1 Bd6 23. f4 exf4 24. d4 Rg8 25. Re2 Rg3 26. Kh2 f3 27. Ref2 Rxg2+ 28. Kh1 Rxf2 29. Rxf2 Bg3 30. Rf1 f2+ 0-1

[Event "Olympiad Women 2024"]
[Site "Budapest HUN"]
[Date "2024.09.21"]
[Round "10.23"]
[Board "1"]
[White "Noshin, Anjum"]
[Black "Dolgova, Olga"]
[Result "1/2-1/2"]
[WhiteElo "2085"]
[BlackElo "2171"]
[PlyCount "94"]
[EventDate "2024.09.11"]
[WhiteTeam "Bangladesh"]
[BlackTeam "Norway"]
[WhiteTeamCountry "BAN"]
[BlackTeamCountry "NOR"]

1. e4 c6 2. d4 d5 3. e5 Bf5 4. h4 a6 5. h5 h6 6. g4 Bd7 7. f4 c5 8. c3 e6 ({RR} 8... cxd4 9. cxd4 Nc6 10. Nc3 e6 11. Nf3 Qb6 12. Be2 Qa7 13. O-O b5 14. Be3 Bb4 15. Rc1 Nge7 16. Bd3 g6 17. hxg6 fxg6 18. Nh4 Rg8 19. Bb1 Ba5 20. Kh2 Bb6 21. Ne2 g5 22. fxg5 hxg5 23. Nf3 {½-½ Wafa,H (2397)-Mahdian,A (2069) Titled Tue 30th Jan Late 2024 (1)}) 9. Nf3 Qc7 $146 ({RR} 9... Qb6 10. Na3 Nc6 11. Nc2 cxd4 12. cxd4 Nb4 13. Nxb4 Bxb4+ 14. Bd2 Ne7 15. Bxb4 Qxb4+ 16. Qd2 Qb6 17. a4 Nc6 18. Bh3 Na5 19. O-O Nb3 20. Qd3 Nxa1 21. Rxa1 Rc8 22. f5 Qxb2 23. Rf1 Rc3 24. Qd1 {0-1 Allahverdiyeva,A (2148)-Nomin-Erdene,D (2358) World Blitz Women 2023 (2.21)}) ({RR} 9... Nc6 10. a3 Qb6 11. b4 cxd4 12. cxd4 Rc8 13. Be3 a5 14. b5 Na7 15. a4 Bb4+ 16. Kf2 Ne7 17. Bd3 f6 18. Nbd2 Rc3 19. Nf1 Kd8 20. Ng3 Kc8 21. Ne2 Rc7 22. Ne1 fxe5 23. fxe5 Kb8 24. Nc2 {0-1 Antipov,M (2589)-Hakobyan,A (2545) Wch Blitz St Petersburg 2018 (12)}) ({RR} 9... Nc6 10. a3 Qb6 11. Rh2 Nge7 12. Be3 cxd4 13. Nxd4 Nxd4 14. Bxd4 Qc7 15. Bh3 Nc6 16. Re2 Nxd4 17. cxd4 Be7 18. Nc3 O-O-O 19. Rc1 Bc6 20. Qd3 Kb8 21. Kf1 Qa5 22. Kg1 Rc8 23. Rec2 Bb5 24. Nxb5 {0-1 Micic,A (2235)-Mostbauer,F (2303) Titled Tue 22nd Aug Early 2023 (3)}) 10. Rh2 Ne7 11. a4 Nec6 12. b3 Be7 13. Bb2 cxd4 14. cxd4 Nb4 15. Na3 N8c6 16. Kf2 f6 17. Bd3 Nxd3+ 18. Qxd3 O-O-O 19. Rc1 Kb8 20. Kg3 Qb6 21. Nc2 Rc8 22. Ne3 fxe5 23. Nxe5 Nxe5 24. dxe5 Bc5 25. Nc2 Rhf8 26. Nd4 Be7 27. Rxc8+ Rxc8 28. Rc2 Rxc2 29. Qxc2 Bc5 30. Qd3 Qc7 31. Qg6 Bxd4 32. Bxd4 Qc1 33. Qd3 Be8 34. Qc3 Qxc3+ 35. Bxc3 g6 36. g5 gxh5 37. gxh6 Bg6 38. Kh4 Kc8 39. Kg5 Bf5 40. Kxh5 Kd7 41. Kg5 Ke7 42. Bd4 Kf7 43. b4 Bc2 44. a5 Bd3 45. Bc5 Bf5 46. Bd4 Bd3 47. Bc5 Bf5 1/2-1/2

[Event "Olympiad Women 2024"]
[Site "Budapest HUN"]
[Date "2024.09.21"]
[Round "10.23"]
[Board "2"]
[White "Koskela, Niina"]
[Black "Ahmed, Walijah"]
[Result "1-0"]
[WhiteElo "2173"]
[BlackElo "1936"]
[PlyCount "45"]
[EventDate "2024.09.11"]
[WhiteTeam "Norway"]
[BlackTeam "Bangladesh"]
[WhiteTeamCountry "NOR"]
[BlackTeamCountry "BAN"]

1. e4 c5 2. Nf3 e6 3. d3 Nc6 4. g3 d6 5. Bg2 Nf6 6. O-O Be7 7. c4 O-O 8. Nc3 e5 $146 ({RR} 8... Bd7 9. Rb1 Qc7 10. a3 Rad8 11. b4 b6 12. b5 Ne5 13. Ne1 Bc8 14. f4 Ng6 15. Nc2 Ne8 16. Ne3 Bf6 17. Ne2 Bb7 18. a4 Qd7 19. Bh3 Qe7 20. Bd2 Nc7 21. Bg2 Qd7 22. Bh3 Be7 23. f5 {0-1 Bronstein,D-Osnos,V URS-ch34 Final 1966 (15)}) ({RR} 8... a6 9. d4 cxd4 10. Nxd4 Bd7 11. a4 Rc8 12. Nxc6 Bxc6 13. Bf4 Qa5 14. Qd2 Qb4 15. Nd5 Nxd5 16. exd5 Qxd2 17. Bxd2 exd5 18. cxd5 Bd7 19. Bc3 f5 20. Rfe1 Rfe8 21. a5 Kf7 22. Re3 Bf6 23. Rxe8 {0-1 Cardoso Cardoso,J (2477)-Kramnik,V (2753) Titled Tue 2nd Jan Late 2024 (3)}) ({RR} 8... a6 9. h3 Rb8 10. a4 Bd7 11. Be3 Ne5 12. Ne1 Bc6 13. f4 Ng6 14. Qe2 Rc8 15. Bf2 Re8 16. Nc2 b6 17. b4 Ba8 18. b5 a5 19. Rae1 Bf8 20. Nd1 d5 21. cxd5 exd5 22. e5 d4 23. Bxa8 {1-0 Bronstein,D-Espig,L Tallinn 1975 (5)}) ({RR} 8... Rb8 9. Ne1 Nd4 10. f4 b5 11. Nf3 bxc4 12. dxc4 Qa5 13. Nxd4 cxd4 14. Qxd4 d5 15. Be3 dxc4 16. e5 Rxb2 17. Ne4 Rxg2+ 18. Kxg2 Bb7 19. exf6 Bxf6 20. Qxc4 Bxa1 21. Rxa1 Rc8 22. Qd4 f5 23. Qd7 {½-½ Barle,J (2480)-Hulak,K (2470) YUG-ch31 Bor 1976 (15)}) 9. h3 h6 10. Be3 a6 11. a4 Be6 12. Ne1 Rb8 13. f4 Nd4 14. Nf3 Nxf3+ 15. Qxf3 Bd7 16. Qf2 Qc8 17. g4 Nh7 18. Nd5 Bd8 19. fxe5 Be6 20. exd6 Bxd5 21. cxd5 b6 22. e5 Qd7 23. Be4 1-0

[Event "Olympiad Women 2024"]
[Site "Budapest HUN"]
[Date "2024.09.21"]
[Round "10.23"]
[Board "3"]
[White "Nusrat Jahan, Alo"]
[Black "Stanford, Sheila Barth"]
[Result "0-1"]
[WhiteElo "2033"]
[BlackElo "2175"]
[PlyCount "102"]
[EventDate "2024.09.11"]
[WhiteTeam "Bangladesh"]
[BlackTeam "Norway"]
[WhiteTeamCountry "BAN"]
[BlackTeamCountry "NOR"]

1. e4 c6 2. d4 g6 3. Nf3 Bg7 4. Nc3 d5 5. e5 f6 6. h3 Nh6 ({RR} 6... fxe5 7. Nxe5 Nd7 8. f4 Nh6 9. Bd3 O-O 10. O-O Nxe5 11. dxe5 Qb6+ 12. Kh2 Bf5 13. Ne2 Bxd3 14. Qxd3 Rad8 15. Be3 c5 16. b4 Qxb4 17. Rab1 Qe4 18. Bxc5 Nf5 19. Rxb7 Rc8 20. Rb5 a6 21. Ra5 {0-1 Esipenko,A (2675)-Domingo Nunez,R (2376) Titled Tue 28th Feb Early 2023 (2)}) ({RR} 6... fxe5 7. Nxe5 Nd7 8. Bf4 Nxe5 9. Bxe5 Bxe5 10. dxe5 Nh6 11. Qd2 Nf7 12. f4 O-O 13. O-O-O b5 14. g4 b4 15. Na4 Qa5 16. b3 e6 17. Bg2 c5 18. f5 Nxe5 19. fxe6 Bxe6 20. Rhe1 Nc4 21. Qe2 {1-0 Sakhayi,M (2166)-Eilers,S (2275) Titled Tue 4th Jun Early 2024 (11)}) 7. exf6 exf6 8. Bf4 $146 ({RR} 8. Be2 Nd7 9. O-O Nf8 {½-½ Nordsieck,T-Kraemer,M (2284) NRW Class2 0708 2007 (9.2)}) ({RR} 8. Bd3 Qe7+ 9. Qe2 Qxe2+ 10. Nxe2 Nf7 11. Bf4 a5 12. c3 Na6 13. O-O-O Be6 14. Rhe1 Kd7 15. Bg3 Rhe8 16. Nf4 Nc7 17. Nxe6 Nxe6 18. Re2 Bh6+ 19. Kc2 Nf4 20. Bxf4 Rxe2+ 21. Bxe2 Bxf4 22. Bd3 Re8 {½-½ Kusa,J (2336)-Larino Nieto,D (2461) Titled Tuesday intern op 26th Jan blitz 2021 (6)}) ({RR} 8. Bd3 O-O 9. O-O b6 10. a4 Na6 11. b3 Nb4 12. Ba3 a5 13. Na2 c5 14. Re1 Qc7 15. dxc5 bxc5 16. c3 Nxd3 17. Qxd3 Rd8 18. b4 Bf5 19. Qd1 c4 20. Nd4 Bf8 21. Bc1 Qd7 22. bxa5 Nf7 {½-½ Hardaway,B (1907)-Shlyakhtenko,R (2370) Charlotte CCCSA op 02 blitz 2021 (5)}) 8... O-O 9. Qd2 Re8+ 10. Be2 Nf7 11. O-O-O b5 12. g4 b4 13. Na4 Nd6 14. Bxd6 Qxd6 15. Rde1 Be6 16. Nh4 Nd7 17. f4 Bf7 18. f5 g5 19. Nf3 Re4 20. Bd3 Rxe1+ 21. Rxe1 Re8 22. Rxe8+ Bxe8 23. Qe3 Bf7 24. Nd2 Bf8 25. Nb3 Qh2 26. Nac5 Bd6 27. Ne6 Nf8 28. Nbc5 Nxe6 29. Nxe6 Bf4 30. Nxf4 gxf4 31. Qf3 Qg1+ 32. Kd2 Qxd4 33. c3 Qe5 34. h4 h6 35. Qf2 bxc3+ 36. bxc3 a5 37. a3 Qd6 38. Qb6 f3 39. g5 hxg5 40. hxg5 Qf4+ 41. Qe3 Qxg5 42. Qxg5+ fxg5 43. Ke3 Bh5 44. Ba6 Kg7 45. Bb7 c5 46. Bxd5 Kf6 47. Be4 Ke5 48. Bd3 g4 49. Kf2 Kf4 50. f6 g3+ 51. Kf1 Ke5 0-1